| 000 | 00480nam a2200157Ia 4500 | ||
|---|---|---|---|
| 008 | 220216s9999 xx 000 0 und d | ||
| 100 | _aThames S F | ||
| 245 | 0 | _aSynthesis of chlorinated rubber with acrylated and carboxylic acid functionalities | |
| 260 |
_bIndustrial Crops and Products _c1994 |
||
| 300 | _a83-88 | ||
| 650 | _aAcrylate functionality | ||
| 650 | _aCarboxylic acid functionality | ||
| 650 | _aChlorinated rubber synthesis | ||
| 700 | _aHe Z A | ||
| 942 | _cJS | ||
| 999 |
_c70146 _d70146 |
||